Detalles MARC
| 000 -LÍDER |
| Campo fijo de descripción fija |
02153nam a2200361 i 4500 |
| 001 - NÚMERO DE CONTROL |
| Campo de control |
768714001 |
| 003 - IDENTIFICADOR DEL NÚMERO DE CONTROL |
| Campo de control |
CO-MdFUSB |
| 005 - FECHA Y HORA DE LA ULTIMA TRANSACCIÓN |
| control field |
20231129124104.0 |
| 007 - CAMPO FIJO DE DESCRIPCIÓN FIJA--INFORMACIÓN GENERAL |
| Campo fijo de descripción fija |
ta |
| 008 - ELEMENTOS DE LONGITUD FIJA -- INFORMACIÓN GENERAL |
| Campo fijo de descripción fija -- Información general |
230922t19891992flu ||ag |||| 00| 0 spa d |
| 020 ## - NÚMERO INTERNACIONAL NORMALIZADO PARA LIBROS |
| Número Internacional Normalizado del libro |
0829703241 |
| 040 ## - FUENTE DE CATALOGACIÓN |
| Agencia de catalogación original |
CO-MdFUSB |
| Idioma de catalogación |
spa |
| Agencia que realiza la transcripción |
CO-MdFUSB |
| Agencia que realiza la modificación |
CO-MdFUSBC |
| Convenciones de la descripción |
rda |
| 041 ## - CÓDIGO DE IDIOMA |
| Código de idioma para texto/pista de sonido o título separado |
spa |
| Código de idioma original |
eng |
| 082 ## - NÚMERO DE CLASIFICACIÓN DECIMAL DEWEY |
| Número de la edición del Dewey |
23 |
| Número de clasificación |
232.96 |
| Clave de autor-Numero de item |
L931 |
| 100 ## - ASIENTO PRINCIPAL--NOMBRE PERSONAL |
| Nombre personal |
Lucado, Max |
| Término relacionador |
autor |
| 240 ## - TITULO UNIFORME |
| Título uniforme |
<a href="Six Hours One Friday">Six Hours One Friday</a> |
| 245 1# - TÍTULO |
| Título del Material |
Seis horas de un viernes |
| Parte restante del título - Subtitulo |
: anclándonos a la cruz |
| Mención de responsabilidad, etc. |
/ Max Lucado ; traducido por Carlos Alonso Vargas |
| 264 #1 - PRODUCCIÓN, PUBLICACIÓN, DISTRIBUCIÓN, MANUFACTURA, Y COPYRIGHT |
| Lugar de producción, publicación, distribución, manufactura |
Florida : |
| Nombre del productor, publicador, distribuidor |
Vida, |
| Fecha de producción, publicación, distribución, manufactura, o copyright |
[1989] |
| 264 #4 - PRODUCCIÓN, PUBLICACIÓN, DISTRIBUCIÓN, MANUFACTURA, Y COPYRIGHT |
| Fecha de producción, publicación, distribución, manufactura, o copyright |
©1992 |
| 300 ## - DESCRIPCIÓN FÍSICA |
| Extensión |
200 páginas |
| Dimensiones |
; 22 cm. |
| 336 ## - TIPO DE CONTENIDO |
| Fuente |
rdacontent |
| Término de tipo de contenido |
texto |
| Código de tipo de contenido |
txt |
| 337 ## - TIPO DE MEDIO |
| Fuente |
rdamedia |
| Nombre del tipo de medio |
sin mediación |
| Código del tipo de medio |
n |
| 338 ## - TIPO DE SOPORTE |
| Fuente |
rdacarrier |
| Nombre del tipo de soporte |
volumen |
| Código Tipo de soporte |
nc |
| 504 ## - NOTA DE BIBLIOGRAFÍA, ETC. |
| Nota de bibliografía, etc |
Incluye índice |
| 505 ## - NOTA DE CONTENIDO |
| Nota de contenido con formato preestablecido |
Parte I. Mi vida no es fácil -- Parte II. Mis fracasos no son fatales -- Parte III. Mi muerte no es el fin -- Guía de estudio: anclas bien afianzadas. |
| 520 ## - NOTA DE RESUMEN, ETC. |
| Nota de sumario, etc. |
Muchos observadores no vieron nada extraordinario durante esas seis horas. Para ellos fueron seis horas regulares de un viernes común y corriente. Pero para un puñado de testigos estaba ocurriendo el más espectacular de los milagros. Tres cuerpos colgaban de tres cruces, y uno de ellos era el del Hijo de Dios. ¿Qué hace usted con ese día de la historia? ¿Qué hace con las afirmaciones del Cristo Crucificado? Si de veras Dios ordeno su propia crucifixión entonces esas seis horas están cargadas te triunfo, porque fue en esas horas que Dios nos dio tres puntos de anclaje lo bastante fuerte como para resistir cualquier tormenta que nos envié la vida. A CAUSA DE LA CRUZ USTED Y YO SABEMOS QUE: Nuestra vida no es fútil… nuestros fracasos no son fatales… nuestra muerte no es el fin…Lucado nos lleva al pie de la cruz donde hallamos esperanza para enfrentarnos a las dificultades de la vida. En la cruz encontramos propósito, perdón y descanso. |
| 563 ## - NOTA DE ENCUADERNACIÓN |
| Nota de encuadernación |
Rústico |
| 600 07 - ASIENTO SECUNDARIO DE MATERIA - NOMBRE PERSONAL |
| Nombre personal |
Jesucristo |
| Subdivisión general |
Crucifixión |
| 650 #7 - ASIENTO SECUNDARIO DE MATERIA - TERMINO TEMÁTICO |
| 9 (RLIN) |
239 |
| Término temático o nombre geográfico como elemento de entrada |
Cristología |
| 700 ## - ASIENTO SECUNDARIO - NOMBRE PERSONAL |
| 9 (RLIN) |
8267 |
| Nombre personal |
Alonso Vargas, Carlos |
| Responsabilidad |
traductor |
| 942 ## - TIPO DE MATERIAL (KOHA) |
| Tipo de Item KOHA |
Libros General |
| 945 ## - INFORMACIÓN LOCAL DEL REGISTRO |
| Catalogador |
sor1564 |